Ekonomia i prawo

Bibliographic Details
Corporate Author: Uniwersytet Mikołaja Kopernika w Toruniu
Format: Electronic Journal
Language:Polish
English
Published: Torun : Nicolaus Copernicus University.
Subjects:
Online Access:Full text available from Research Library: 01/01/2011 to present

MARC

LEADER 00000nas a2200000 i 4500
001 ssj0001072186
003 WaSeSS
005 20200512172242.0
006 m d
007 cr n
008 130417c20059999pl qr p s 0 0pol c
010 |a  2016234239 
022 |y 1898-2255 
035 |a (WaSeSS)ssj0001072186 
040 |a CNCGM  |b eng  |c CNCGM  |d OCP  |d OCLCF  |d OCLCO  |d AU@  |d U3G  |d CUS  |d OCLCO  |d OCLCQ  |d HLS  |d OCLCO  |d WaSeSS 
041 0 |a pol  |a eng 
042 |a pcc 
050 1 4 |a HC10 
210 1 0 |a Ekon. Prawo 
245 0 0 |a Ekonomia i prawo  |h [electronic resource]. 
246 1 1 |a Economics and law 
260 |a Torun :  |b Nicolaus Copernicus University. 
310 |a Quarterly,  |b 2012- 
321 |a Annual,  |b 2005-2011 
362 1 |a Began with t. 1 (2005). 
506 |a License restrictions may limit access. 
546 |a Articles in Polish or English. 
588 |a Description based on T. 1 (2005); title from journal information screen (Akademicka Platforma Czasopism, viewed Feb. 18, 2016). 
588 |a Latest issue consulted: Vol. 14, no 4 (2015). 
650 0 |a Economics  |v Periodicals. 
650 0 |a Law  |x Economic aspects  |v Periodicals. 
650 7 |a Economics.  |2 fast  |0 (OCoLC)fst00902116 
650 7 |a Law  |x Economic aspects.  |2 fast  |0 (OCoLC)fst00993723 
655 0 |a Electronic journals. 
710 2 |a Uniwersytet Mikołaja Kopernika w Toruniu. 
776 0 8 |i Print version:  |t Ekonomia i Prawo  |x 1898-2255 
856 4 0 |z Full text available from Research Library: 01/01/2011 to present  |u https://search.proquest.com/publication/1846339